00528nam a2200205Ia 450000500170000000800410001702000230005804000190008104100120010008200130011210000160012524500510014126000400019230000100023250400190024263000130026165000190027465100180029385000110031120231129115230.0131103s9999 xx 000 0 und d a8178801043cRs 600 aLoreto College aEnglish a396bROY aRoy, Ashine aWomen in Power and Decision MakingcAshine Roy aNew DelhibRajat Publicationsc2003 a312p  aIncludes index aFeminism aGender Studies aWomen Studies aLCLIB